00305 a2200109 4500001000700000020000600007040001100013100004100024240006300065245005800128362000900186170535 a  cMagnum aMinisterio da Educacao e do Desporto10aDiretrizes curriculares nacionais para o ensino mediolpor10aDiretrizes curriculares nacionais para o ensino medio0 a1899